Tratado de Geometría elemental / (Record no. 135738)
[ view plain ]
| 000 -LEADER | |
|---|---|
| campo de control de longitud fija | 00660nam a2200205 4500 |
| 001 - NÚMERO DE CONTROL | |
| campo de control | 135738 |
| 003 - IDENTIFICADOR DE NÚMERO DE CONTROL | |
| campo de control | ES-MaACL |
| 005 - FECHA Y HORA DE LA ÚLTIMA TRANSACCIÓN | |
| campo de control | 20230906194937.0 |
| 007 - CAMPO FIJO DE DESCRIPCIÓN FÍSICA--INFORMACIÓN GENERAL | |
| campo de control de longitud fija | t| |
| 008 - DATOS DE LONGITUD FIJA--INFORMACIÓN GENERAL | |
| campo de control de longitud fija | 070214s1915 sp r ||||1| spa d |
| 100 1# - ENTRADA PRINCIPAL--NOMBRE DE PERSONA | |
| Nombre de persona | Rouche, Eugene. |
| 9 (RLIN) | 100002 |
| 245 10 - MENCIÓN DEL TÍTULO | |
| Título | Tratado de Geometría elemental / |
| Mención de responsabilidad, etc. | Eugene Rouche, Charles de Comberousse ; traducción de A. Portuondo, J. Portuondo. |
| 250 ## - MENCION DE EDICION | |
| Mención de edición | 6ª. ed. |
| 260 ## - PUBLICACIÓN, DISTRIBUCIÓN, ETC. | |
| Lugar de publicación, distribución, etc. | Madrid : |
| Nombre del editor, distribuidor, etc. | [s.n.], |
| Fecha de publicación, distribución, etc. | 1915 ( |
| Fabricante | Suc. Hernando) |
| 300 ## - DESCRIPCIÓN FÍSICA | |
| Extensión | XXVII, 449 p., 12 lám. ; |
| Dimensiones | 24 cm. |
| 700 1# - ENTRADA AGREGADA--NOMBRE PERSONAL | |
| Nombre de persona | Comberousse, Charles de. |
| 9 (RLIN) | 39967 |
| 700 1# - ENTRADA AGREGADA--NOMBRE PERSONAL | |
| Nombre de persona | Portuondo, J. |
| 9 (RLIN) | 93301 |
| 700 1# - ENTRADA AGREGADA--NOMBRE PERSONAL | |
| Nombre de persona | Portuondo, A. |
| 9 (RLIN) | 93299 |
| 852 ## - LOCALIZACIÓN | |
| Ubicación | ES-MaACL |
| Número de control de estantería | F-4215 |
| Estatus retirado | Estado de pérdida | Estado de daño | No para préstamo | Biblioteca de origen | Biblioteca actual | Ubicación en estantería | Fecha de adquisición | Fuente de adquisición | Total de préstamos | Signatura topográfica completa | Código de barras | Visto por última vez | Precio de reemplazo | Tipo de ítem Koha |
|---|---|---|---|---|---|---|---|---|---|---|---|---|---|---|
| Biblioteca del Ateneo de Madrid | Biblioteca del Ateneo de Madrid | Depósito 2 | 17/01/2008 | F-4215 | 1141273 | 23/02/2023 | 23/02/2023 | Libro impreso |
